| 000 | 00401nam a22001337a 4500 | ||
|---|---|---|---|
| 008 | 250314b |||||||| |||| 00| 0 eng d | ||
| 020 | _a9783527340927 | ||
| 050 |
_aQD552 _b.A38 |
||
| 100 | _aAlkire Richard C | ||
| 245 | _aAdvances in Electrochemical Science and Engineering Nanopotterned and Nanoparticle-Modified Electrodes | ||
| 260 |
_aGermany _bWiley-VCH _c2017 |
||
| 300 | _aXIX,409P | ||
| 942 | _cBK | ||
| 999 |
_c2319 _d2319 |
||